Loading...
| Mythology | 0 | 4 | 0 | 0 | 40 | 27 | 90.25 | 1 | 3 |
| Fine Arts - Visual Fine Arts | 0 | 2 | 0 | 1 | 20 | 71 | 107.50 | 1 | 2 |
| Religion | 0 | 2 | 0 | 0 | 20 | 72 | 97.00 | 1 | 2 |
| Pop Culture | 0 | 2 | 0 | 0 | 20 | 95 | 118.50 | 0 | 1 |
| Literature - American Literature | 0 | 1 | 0 | 0 | 10 | 97 | 97.00 | 1 | 1 |
| Literature - World/Other Literature | 0 | 1 | 0 | 0 | 10 | 108 | 108.00 | 0 | 1 |
| Philosophy | 0 | 1 | 0 | 0 | 10 | 118 | 118.00 | 0 | 1 |
| Literature - British Literature | 0 | 1 | 0 | 0 | 10 | 98 | 98.00 | 0 | 1 |
| Fine Arts - Other Fine Arts | 0 | 1 | 0 | 0 | 10 | 98 | 98.00 | 0 | 1 |
| History - American History | 0 | 1 | 0 | 0 | 10 | 88 | 88.00 | 0 | 1 |
| History - European History | 0 | 1 | 0 | 0 | 10 | 88 | 88.00 | 0 | 1 |
| Fine Arts - Classical Music | 0 | 1 | 1 | 0 | 5 | 134 | 134.00 | 1 | 1 |